Caribbean Cooking: Recipes,Landscapes & People (Record no. 14315)
[ view plain ]
| 000 -LEADER | |
|---|---|
| fixed length control field | 00396nam a2200145Ia 4500 |
| 008 - FIXED-LENGTH DATA ELEMENTS--GENERAL INFORMATION | |
| fixed length control field | 230312s9999||||xx |||||||||||||| ||und|| |
| 020 ## - INTERNATIONAL STANDARD BOOK NUMBER | |
| International Standard Book Number | 978-1844517411 |
| 082 ## - DEWEY DECIMAL CLASSIFICATION NUMBER | |
| Classification number | 641.59729 |
| Item number | BED-C |
| 100 ## - MAIN ENTRY--PERSONAL NAME | |
| Personal name | Bedoyere;Camilla.de.la |
| 245 #0 - TITLE STATEMENT | |
| Title | Caribbean Cooking: Recipes,Landscapes & People |
| 260 ## - PUBLICATION, DISTRIBUTION, ETC. | |
| Name of publisher, distributor, etc. | Star Fire |
| Place of publication, distribution, etc. | China |
| Date of publication, distribution, etc. | 2007 |
| 300 ## - PHYSICAL DESCRIPTION | |
| Extent | 200 |
| 650 ## - SUBJECT ADDED ENTRY--TOPICAL TERM | |
| Topical term or geographic name entry element | Food Science |
| Form subdivision | Food Industry |
| 942 ## - ADDED ENTRY ELEMENTS (KOHA) | |
| Koha item type | BOOK |
| Withdrawn status | Lost status | Source of classification or shelving scheme | Damaged status | Not for loan | Home library | Current library | Date acquired | Total Checkouts | Full call number | Barcode | Date last seen | Price effective from | Koha item type |
|---|---|---|---|---|---|---|---|---|---|---|---|---|---|
| Dewey Decimal Classification | Superior Information Resource Center (SIRC) Superior University- Central Library | Superior Information Resource Center (SIRC) Superior University- Central Library | 03/13/2023 | 641.59729 BED-C | 14450 | 03/13/2023 | 03/13/2023 | BOOK |
